Statistics for Countries that Visit Sweden the Most

Click here to take the quiz!

General Stats

  • This quiz has been taken 1,373 times
  • The average score is 13 of 14

Answer Stats

# VisitsCountry% Correct
5.5 mNorway
100%
3.5 mDenmark
99%
4.0 mFinland
99%
718 kUnited Kingdom
99%
1.5 mGermany
98%
536 kRussia
96%
458 kUnited States
96%
305 kFrance
95%
509 kPoland
94%
179 kSpain
93%
231 kItaly
91%
335 kNetherlands
88%
249 kEstonia
80%
197 kSwitzerland
68%

Score Distribution

Percentile by Number Answered

Percent of People with Each Score

Your Score History

You have not taken this quiz